000 00977nam a2200253Ia 4500
003 OSt
005 20220923212757.0
006 a|||||r|||| 00| 0
007 ta
008 220922b |||||||| |||| 00| 0 hin d
024 _a155,750
037 _cTextual
040 _aARTS
_cARTS
_bhin
041 _2hin
_ahin
082 _aO1520m35,1:g, L4
100 _aरूक्मिणी
_9156277
245 0 _aस्वातंत्र्योत्तर हिन्दी और तेलुगू कविता का तुलनात्मक अनुशीलन
246 _aSvātantryottar hindī aur telugū kavitā kā tulanātmak anushīlana
260 _aहैदराबाद
_b साइंटिफिक र्सिर्वस
_c1974
300 _a359पृ.
_ccm.
650 _aहिन्दी साहित्य
_9156264
942 _hO1520m35,1:g, L4
_cTEXL
_2CC
999 _c311218
_d311218